| 000 | 00757nam a2200241Ia 4500 | ||
|---|---|---|---|
| 003 | DO-SdBJH | ||
| 005 | 20180428181045.0 | ||
| 008 | 180406s9999 dr 000 0 spa d | ||
| 040 |
_aDO-SdBJH _bspa _cDO-SdBJH |
||
| 041 | _aspa | ||
| 082 | _a808.83 R614o | ||
| 100 | 1 | _aReyes, Alfonso | |
| 245 | 1 | 0 | _aLos Clasicos : obras escogidas / Alfonso Reyes, Francisc Romero, Federico De Onis, Ricardo Baeza, German Arciniegas |
| 250 | _a6a. ed. | ||
| 260 | _aMexico : "( Lugar de Publicacion no identificado)", 1973 | ||
| 300 | _a432 páginas | ||
| 440 | _aLos clásicos | ||
| 504 | _aIncluye índice | ||
| 650 | 4 | _aLiteratura -- Colección clásica | |
| 942 |
_2ddc _cBK |
||
| 999 |
_c3163 _d3163 |
||